[Event "1st China Chess King Competition 2024"]
[Site "Chengdu"]
[Date "2024.01.07"]
[Round "3.1"]
[White "Ding, Liren"]
[Black "Wang, Hao"]
[Result "1/2-1/2"]
[WhiteElo "2780"]
[BlackElo "2702"]
[Annotator "TA"]
[PlyCount "98"]
[EventDate "2024.01.07"]
[EventType "k.o."]
[EventCountry "CHN"]
[SourceTitle "playchess.com"]
[Source "ChessBase"]
[SourceQuality "1"]

{[%evp 15,98,12,21,14,9,20,14,8,18,14,17,0,24,21,19,22,25,25,30,18,41,21,14,0,33,28,23,0,0,-14,-22,-18,-25,-54,-66,-72,-74,-96,-95,-95,-89,-77,-31,-51,-39,-46,-14,-23,0,0,0,0,0,0,0,0,0,0,0,0,32,0,0,0,61,0,10,0,0,0,29,0,0,0,0,0,0,0,0,0,0,0,0,0,0]} 1. c4 e6 {[%emt 0:00:05]} 2. Nc3 {[%emt 0:00:14]} d5 {[%emt 0:00:23]} 3. d4 {[%emt 0:00:01]} Nf6 {[%emt 0:00:03]} 4. cxd5 {[%emt 0:00:01]} exd5 {[%emt 0:00:02]} 5. Bg5 {[%emt 0:00:02]} c6 {[%emt 0:00:02]} 6. e3 {[%emt 0:00:02]} h6 {[%emt 0:00:01]} 7. Bh4 {[%emt 0:00:02]} Be7 {[%emt 0:00:02]} 8. Bd3 {[%emt 0:00:02]} O-O {[%emt 0:00:03]} 9. Nge2 {[%emt 0:00:48] D35: Queen's Gambit Declined: Exchange Variation.} Ne4 {[%emt 0:00:02] [#] White must now prevent ...Nxc3.} 10. Bxe7 {[%emt 0:00:13]} Qxe7 {[%emt 0:00:02]} 11. Bxe4 {[%emt 0:00:59]} dxe4 {[%emt 0:00:02]} 12. O-O {[%emt 0:00:06]} Nd7 {[%emt 0:00:18]} 13. h3 {[%emt 0:01:04]} Nf6 {[%emt 0:01:28]} 14. Qa4 {[%emt 0:00:02] [#]} Rd8 $146 {[%emt 0:00:46]} ({Predecessor:} 14... Re8 15. Rfc1 Bd7 16. a3 g6 17. b4 c5 18. Qb3 cxd4 19. Nxd4 Qe5 20. Nce2 Rac8 {½-½ Williamson,D (2337)-Ploscaru,S (2386) Champion's League 2021/C5 email}) 15. Rac1 {[%emt 0:00:04]} Be6 {[%emt 0:01:11]} 16. Rfd1 {[%emt 0:01:36]} h5 {[%emt 0:02:19]} 17. Qa5 {[%emt 0:03:05]} Bd5 {[%emt 0:00:02]} 18. a3 {[%emt 0:00:11]} h4 {[%emt 0:00:41]} 19. b4 {[%emt 0:00:26]} Bb3 {[%emt 0:00:42]} 20. Rd2 {[%emt 0:00:16]} Nd5 {[%emt 0:00:01]} 21. Qc5 {[%emt 0:00:15]} (21. Rb2 $5 {[%cal Rb2b3]} Nxc3 22. Nxc3 $14) 21... Qe6 {[%emt 0:01:01] [#] ...b6 is the strong threat.} 22. Nxd5 {[%emt 0:00:05]} (22. b5 $5 {[%cal Rb5c6]}) 22... cxd5 {[%emt 0:00:15]} 23. Qc7 {[%emt 0:00:21]} Bc4 {[%emt 0:01:06] Threatens to win with ...Bxe2.} 24. Nf4 {[%emt 0:00:57]} (24. Qxb7 $2 {is the wrong capture.} Rdb8 25. Qc7 Bxe2 $19) 24... Qd6 {[%emt 0:00:19]} 25. Qxd6 {[%emt 0:00:11]} (25. Qxb7 $2 {too greedy.} Rdb8 $19) 25... Rxd6 {[%emt 0:00:14]} 26. g3 {[%emt 0:00:11]} hxg3 {[%emt 0:00:28]} 27. fxg3 b5 {[%emt 0:00:10]} 28. h4 {[%emt 0:02:37]} a5 {[%emt 0:00:07]} ({Black should try} 28... Ra6 $17 29. Rc3 Ra4) 29. Kf2 {[%emt 0:00:01]} axb4 {[%emt 0:00:43]} 30. axb4 {[%emt 0:00:01]} Rda6 {[%emt 0:00:05] Threatening ...Ra1.} 31. g4 $1 {[%emt 0:00:02]} Ra2 {[%emt 0:00:17]} (31... Ra1 $5 {[%cal Ra1c1]} 32. Rdd1 R1a2+ 33. Kg3 R8a3 $17) 32. Rxa2 {[%emt 0:00:47]} Rxa2+ $11 {[%emt 0:00:03][%mdl 4096] Endgame KRB-KRN} 33. Kg3 Ra3 {[%emt 0:00:53]} 34. Kf2 {[%emt 0:00:03]} g6 {[%emt 0:00:20]} 35. Rb1 {[%emt 0:00:15]} Kg7 {[%emt 0:00:07]} 36. g5 Ra2+ {[%emt 0:00:51]} 37. Kg3 {[%emt 0:00:01]} Kf8 {[%emt 0:00:07]} 38. Ng2 {[%emt 0:00:22]} Ke7 {[%emt 0:00:19]} 39. Nf4 {[%emt 0:00:01]} Kd7 {[%emt 0:00:15]} (39... Ra3 $11) 40. Kg4 {[%emt 0:00:28]} (40. h5 $1 $14) 40... Ra3 {[%emt 0:00:24]} 41. Ng2 Ke6 {[%emt 0:00:47]} 42. Nf4+ {[%emt 0:01:06]} Kd6 {[%emt 0:00:02]} 43. Ng2 (43. Re1 $5 {[%cal Rh4h5]}) 43... Be2+ {[%emt 0:01:01] The position is equal.} 44. Kf4 {[%emt 0:00:02]} Ra2 {[%emt 0:00:21]} 45. Kg3 {[%emt 0:00:06]} Ra3 {[%emt 0:00:18]} 46. Kf2 {[%emt 0:00:05]} Ra2 {[%emt 0:00:10] Strongly threatening ...Bd3+.} 47. Kg3 Bd3 {[%emt 0:00:28]} 48. Rb3 {[%emt 0:00:09]} Ra1 {[%emt 0:00:49]} 49. Rb2 {[%emt 0:00:07]} Bf1 {[%emt 0:00:24] Weighted Error Value: White=0.08 (flawless) /Black=0.10 (very precise)} 1/2-1/2

[Event "1st China Chess King Competition 2024"]
[Site "Chengdu"]
[Date "2024.01.07"]
[Round "3.1"]
[White "Wei, Yi"]
[Black "Yu, Yangyi"]
[Result "0-1"]
[WhiteElo "2740"]
[BlackElo "2720"]
[Annotator "TA"]
[PlyCount "102"]
[EventDate "2024.01.07"]
[EventType "k.o."]
[EventCountry "CHN"]
[SourceTitle "playchess.com"]
[Source "ChessBase"]
[SourceQuality "1"]

{[%evp 11,102,21,27,20,16,0,16,19,21,13,16,3,50,13,29,23,33,22,27,21,35,36,38,0,0,-4,17,0,17,0,0,-39,-55,-39,-24,-27,-19,-62,-60,-85,-74,-94,-71,-185,-185,-195,-184,-197,-127,-352,-342,-349,-335,-408,-410,-450,-406,-407,-376,-438,-352,-456,-312,-458,-421,-487,-483,-564,-537,-526,-515,-726,0,-513,-526,-523,-497,-519,-514,-554,-530,-683,-661,-1016,-993,-982,-960,-1014,-1026,-5322,-983,-5193,-944]} 1. Nf3 {[%emt 0:00:11]} d5 {[%emt 0:00:27]} 2. e3 {[%emt 0:00:19]} Nf6 {[%emt 0:00:29]} 3. d4 {[%emt 0:00:07]} Bf5 {[%emt 0:00:54]} 4. c4 {[%emt 0:00:05]} c6 {[%emt 0:00:03]} 5. Nc3 {[%emt 0:00:08]} e6 {[%emt 0:00:01]} 6. Nh4 {[%emt 0:00:07]} Bg6 {[%emt 0:00:03]} 7. Bd2 {[%emt 0:00:37] D12: Slav Defence: 3 Nf3 Nf6 4 e3 Bf5.} Nbd7 {[%emt 0:00:30]} 8. Qb3 {[%emt 0:00:27]} Qb6 {[%emt 0:00:29]} 9. Nxg6 {[%emt 0:00:08] The position is equal.} hxg6 {[%emt 0:00:02]} 10. h3 {[%emt 0:00:08]} Be7 {[%emt 0:01:05]} 11. Bd3 {[%emt 0:01:14]} a6 $5 {[%emt 0:00:34][%mdl 4] [#] An interesting side line.} (11... dxc4 $11 12. Qxc4 (12. Bxc4 O-O $11) 12... O-O) 12. O-O $146 {[%emt 0:01:09]} ({Predecessor:} 12. Rc1 Rc8 13. Qxb6 Nxb6 14. c5 Nbd7 15. f4 Nh5 16. O-O f5 17. b4 g5 18. Ne2 gxf4 19. exf4 {1-0 Aronian,L (2649)-Ivanchuk,V (2710) Warsaw AIG Life rapid sf 2003 (2)}) 12... Qxb3 {[%emt 0:01:29]} 13. axb3 {[%emt 0:00:02]} O-O {[%emt 0:00:02]} 14. g4 {[%emt 0:02:07]} Rfd8 {[%emt 0:00:13]} 15. Rad1 {[%emt 0:00:28]} Rac8 {[%emt 0:00:31]} 16. f4 {[%emt 0:01:27]} Ne8 {[%emt 0:02:12]} 17. f5 {[%emt 0:00:44]} gxf5 {[%emt 0:00:25]} 18. gxf5 {[%emt 0:00:01]} Nf8 {[%emt 0:01:41]} 19. fxe6 {[%emt 0:02:29]} Nxe6 {[%emt 0:00:01]} 20. Na4 {[%emt 0:01:05]} b5 {[%emt 0:00:50]} 21. Nb6 {[%emt 0:01:38]} Rb8 {[%emt 0:00:03]} 22. Ba5 {[%emt 0:00:02]} Bg5 {[%emt 0:00:35] [#] And now ...dxc4 would win.} 23. Rf3 {[%emt 0:01:09]} Nf6 {[%emt 0:00:30]} 24. c5 {[%emt 0:00:17]} Rb7 {[%emt 0:00:55]} 25. Ra1 {[%emt 0:00:29] White is on the road to losing.} Re8 {[%emt 0:01:15]} 26. Be1 {[%emt 0:00:36]} Bh6 {[%emt 0:00:52] [#] ...Ng5 is the strong threat.} 27. Bh4 {[%emt 0:01:10]} (27. h4 $17 {was necessary.}) 27... Ng5 $19 {[%emt 0:00:08]} 28. Bxg5 {[%emt 0:00:53]} Bxg5 {[%emt 0:00:01]} 29. Kg2 {[%emt 0:00:24]} Bxe3 {[%emt 0:00:25]} (29... Rbe7 $19 30. Re1 g6) 30. Rxa6 $2 {[%emt 0:00:06]} (30. Nc8 $17 Rxc8 31. Rxe3) 30... Bxd4 {[%emt 0:00:06]} 31. b4 {[%emt 0:00:02]} Bxb2 {[%emt 0:00:25]} 32. Bf5 {[%emt 0:00:01]} g6 {[%emt 0:00:16]} 33. Bc8 {[%emt 0:00:26]} Rc7 {[%emt 0:00:33]} 34. Ra2 {[%emt 0:00:17]} Be5 {[%emt 0:00:29][%cal Bb2e5,Be5d4,Bd4e3,Be3g5,Bg5h4][%mdl 32]} 35. Re2 {[%emt 0:00:02][%cal Of3f6]} Kg7 {[%emt 0:00:14]} ({Stronger than} 35... Rcxc8 36. Nxc8 Ne4 37. Na7 $11) 36. Rfe3 {[%emt 0:00:22]} Rce7 {[%emt 0:00:25]} 37. Ra2 {[%emt 0:00:10]} (37. Re1 $142) 37... Bd4 {[%emt 0:00:32]} 38. Rd3 {[%emt 0:00:02]} Be3 {[%emt 0:00:57]} 39. Ra8 {[%emt 0:00:18]} Bg5 {[%emt 0:00:14] ( -> ...Re2+)} 40. Ra2 {[%emt 0:00:08]} Nh5 {[%emt 0:00:12] Hoping for ...Nf4+.} 41. Rb3 Nf6 $2 {[%emt 0:00:26] Wards off Bd7} (41... Nf4+ $19 42. Kf3 d4) 42. Rg3 $2 {[%emt 0:00:17][%mdl 8192]} (42. Rd3 $1 $11 Rc7 43. Ba6) 42... Bh4 {[%emt 0:00:12] Black is clearly winning.} 43. Rf3 {[%emt 0:00:06]} Re4 {[%emt 0:00:09]} 44. Bb7 {[%emt 0:00:08]} R8e6 {[%emt 0:00:01]} 45. Rb2 {[%emt 0:00:12]} Nh5 {[%emt 0:00:06]} 46. Bc8 {[%emt 0:00:16]} R6e5 {[%emt 0:00:06] ...Rg5+ would be deadly.} 47. Bd7 {[%emt 0:00:11]} Rg5+ {[%emt 0:00:27]} 48. Kh2 {[%emt 0:00:10]} Bg3+ {[%emt 0:00:06]} 49. Rxg3 {[%emt 0:00:11]} Nxg3 {[%emt 0:00:01]} 50. Bxc6 {[%emt 0:00:16]} Nf1+ {[%emt 0:00:07]} 51. Kh1 {[%emt 0:00:01]} Re3 {[%emt 0:00:02] Weighted Error Value: White=0.55/Black=0.27 (precise)} (51... Re1 $142 52. Bxd5 Ne3+ 53. Kh2 Nxd5) 0-1

[Event "1st China Chess King Competition 2024"]
[Site "Chengdu"]
[Date "2024.01.07"]
[Round "3.2"]
[White "Yu, Yangyi"]
[Black "Wei, Yi"]
[Result "1/2-1/2"]
[WhiteElo "2720"]
[BlackElo "2740"]
[Annotator "TA"]
[PlyCount "41"]
[EventDate "2024.01.07"]
[EventType "k.o."]
[EventCountry "CHN"]
[SourceTitle "playchess.com"]
[Source "ChessBase"]
[SourceQuality "1"]

{[%evp 9,41,27,38,29,43,42,53,48,38,31,37,29,67,27,56,38,50,48,68,73,83,53,76,74,95,43,108,27,123,39,84,78,66,67]} 1. e4 {[%emt 0:00:01]} g6 {[%emt 0:00:04]} 2. d4 {[%emt 0:00:03]} Bg7 {[%emt 0:00:01]} 3. Nf3 {[%emt 0:00:02]} d6 {[%emt 0:00:04]} 4. Bc4 {[%emt 0:00:10]} e6 {[%emt 0:00:14]} 5. c3 {[%emt 0:00:14]} Ne7 {[%emt 0:00:06]} 6. O-O {[%emt 0:00:36] B06: Modern Defence.} b6 {[%emt 0:00:34]} 7. Re1 {[%emt 0:00:57]} Bb7 {[%emt 0:00:04]} 8. Bb3 {[%emt 0:00:03]} Nd7 {[%emt 0:00:08]} 9. Nbd2 {[%emt 0:00:17][%cal Bb1d2,Bd2f1,Bf1g3][%mdl 32]} h6 {[%emt 0:00:25] Nowadays more popular than 9...0-0.} 10. Nf1 {[%emt 0:00:05]} c5 {[%emt 0:00:45]} 11. Ng3 {[%emt 0:00:41]} (11. Bf4 $5 {[%cal Rf4d6]}) 11... Qc7 {[%emt 0:00:04]} 12. Bf4 {[%emt 0:00:32] [#] dxc5 is the strong threat.} e5 $146 {[%emt 0:00:27]} ({Predecessor:} 12... O-O-O 13. a4 c4 14. Bc2 e5 15. Be3 h5 16. a5 h4 17. Nf1 b5 18. a6 Ba8 {1-0 Belozerov,A (2462)-Chernomordik,P (2179) Titled Tuesday intern op 26th Apr Early blitz 2022 (5)}) 13. Be3 {[%emt 0:00:37]} Nf6 {[%emt 0:01:28]} 14. Ba4+ {[%emt 0:00:41]} Kf8 {[%emt 0:00:02]} 15. Bc2 {[%emt 0:00:32]} Rd8 {[%emt 0:03:13]} 16. h3 {[%emt 0:00:57]} Kg8 {[%emt 0:00:15]} 17. a4 {[%emt 0:01:29]} (17. d5 $16) 17... a6 {[%emt 0:00:08]} (17... exd4 $14 18. cxd4 Nc6) 18. Qe2 {[%emt 0:00:18]} ({White should try} 18. d5 $16) 18... Nc6 {[%emt 0:01:39]} (18... exd4 $11 19. cxd4 Nc6) 19. dxe5 {[%emt 0:00:28]} ({White should play} 19. d5 $16 Na5 20. b3) 19... Nxe5 {[%emt 0:00:31]} 20. Nxe5 {[%emt 0:00:11]} dxe5 {[%emt 0:00:01]} 21. Bd3 {[%emt 0:00:16] Weighted Error Value: White=0.23 (precise) /Black=0.27 (precise)} 1/2-1/2

[Event "1st China Chess King Competition 2024"]
[Site "Chengdu"]
[Date "2024.01.07"]
[Round "3.2"]
[White "Wang, Hao"]
[Black "Ding, Liren"]
[Result "1-0"]
[WhiteElo "2702"]
[BlackElo "2780"]
[Annotator "TA"]
[PlyCount "91"]
[EventDate "2024.01.07"]
[EventType "k.o."]
[EventCountry "CHN"]
[SourceTitle "playchess.com"]
[Source "ChessBase"]
[SourceQuality "1"]

{[%evp 12,91,10,11,20,19,20,16,18,0,0,3,0,14,1,3,0,-1,0,0,0,-21,0,0,0,0,0,0,0,-6,0,0,214,179,211,204,210,209,209,218,222,202,217,220,183,183,192,187,237,129,126,121,227,216,225,240,220,223,406,400,415,264,266,264,452,440,416,339,445,443,438,391,499,479,459,461,645,593,12841,12842,12841,12842]} 1. e4 e5 {[%emt 0:00:02]} 2. Nf3 {[%emt 0:00:02]} Nc6 {[%emt 0:00:02]} 3. Bc4 {[%emt 0:00:01]} Nf6 {[%emt 0:00:02]} 4. d3 {[%emt 0:00:03]} Bc5 {[%emt 0:00:02]} 5. O-O {[%emt 0:00:06]} O-O {[%emt 0:00:04]} 6. c3 {[%emt 0:00:04]} d6 {[%emt 0:00:04]} 7. Re1 $1 {[%emt 0:00:05][%mdl 4] now scores much better than the old 7.Bb3.} a5 {[%emt 0:00:08] C54: Giuoco Piano: 4 c3 Nf6, main lines with 5 d4 and 5 d3.} 8. Nbd2 {[%emt 0:00:07]} Be6 {[%emt 0:00:25]} 9. h3 {[%emt 0:00:49]} h6 {[%emt 0:00:12] The position is equal.} (9... Qd7 {with more complications.} 10. b3 Rad8 11. Bb2 Bxh3 12. gxh3 Qxh3 13. d4 exd4 14. cxd4 Qg4+) 10. Bb5 {[%emt 0:00:05]} Qb8 {[%emt 0:00:02]} 11. Bxc6 {[%emt 0:00:40]} bxc6 {[%emt 0:00:02]} 12. d4 {[%emt 0:00:01]} exd4 {[%emt 0:00:06]} 13. cxd4 {[%emt 0:00:02]} Bb6 {[%emt 0:00:07]} 14. a4 {[%emt 0:00:20]} Qa7 {[%emt 0:00:57]} 15. Nf1 {[%emt 0:00:06]} d5 {[%emt 0:00:27]} 16. Ng3 {[%emt 0:00:07]} dxe4 {[%emt 0:01:46]} 17. Nxe4 {[%emt 0:00:02]} Nxe4 {[%emt 0:00:02]} 18. Rxe4 {[%emt 0:00:02][%cal Oc1h6] [#]} Rae8 $146 {[%emt 0:01:08][%cal Oe6b3]} ({Predecessor:} 18... Rad8 19. Ra3 Bf5 20. Re5 Bg6 21. Qe1 Rd5 22. Be3 Bh5 23. Rxd5 cxd5 24. Ne5 Re8 {½-½ Mekhitarian,K (2562)-Cuenca Jimenez,J (2552) Florianopolis op 8th 2022 (9)}) 19. Ra3 {[%emt 0:01:08][%cal Oc1h6] Against Bb3} Bd5 {[%emt 0:00:02]} 20. Rg4 {[%emt 0:00:02]} Re4 {[%emt 0:02:25]} 21. Rg3 {[%emt 0:00:01]} Bxd4 $2 {[%emt 0:00:58]} (21... Kh7 $11 {and Black has nothing to worry.}) 22. Nxd4 $18 {[%emt 0:00:10]} Qxd4 {[%emt 0:01:35]} (22... Rxd4 $2 23. Qh5 $18) 23. Qxd4 {[%emt 0:00:04]} Rxd4 {[%emt 0:00:01]} 24. Bxh6 {[%emt 0:00:04]} Kh7 {[%emt 0:01:17]} 25. Bxg7 {[%emt 0:00:14]} (25. Rxg7+ $2 Kxh6 26. Rgg3 Rb8 $19) 25... Rd1+ {[%emt 0:00:02]} 26. Kh2 {[%emt 0:00:01]} Re8 {[%emt 0:01:30]} 27. Rg5 {[%emt 0:07:31] [#] Rag3 would be deadly.} Ree1 {[%emt 0:00:39]} 28. Bf6 {[%emt 0:01:22] Dodges Bxg2} Kh6 {[%emt 0:00:16]} 29. Rg4 {[%emt 0:00:53]} Kh5 {[%emt 0:01:24]} (29... Rh1+ $142 30. Kg3 Rde1) 30. Re3 {[%emt 0:01:55]} (30. Rg8 $18) 30... Rxe3 $16 {[%emt 0:00:11]} 31. fxe3 {[%emt 0:00:02][%cal Bf2e3,Be3e4][%mdl 4128] Endgame KRB-KRB} Rd2 {[%emt 0:00:06]} (31... Re1 $16 {is a better defense.}) 32. e4 $18 {[%emt 0:00:30]} Be6 {[%emt 0:00:01]} 33. Rg5+ {[%emt 0:00:02]} Kh6 {[%emt 0:00:01][%cal Od2b2]} 34. Rxa5 {[%emt 0:00:05]} Kg6 {[%emt 0:00:02]} (34... Re2 35. Re5 Kg6) 35. Bc3 {[%emt 0:00:09]} Re2 {[%emt 0:00:02]} 36. Rc5 {[%emt 0:00:18] a5 is the strong threat.} Rxe4 {[%emt 0:00:02]} 37. a5 {[%emt 0:00:01][%cal Ba4a5,Ba5a6,Ba6a7][%mdl 32] Strongly threatening a6.} ({Resist} 37. Rxc6 $6 Rxa4 38. Rxc7 Rc4 $16) 37... Bd5 $2 {[%emt 0:00:20]} (37... Ra4 {keeps fighting.} 38. Rxc6 Rc4) 38. a6 {[%emt 0:00:36]} Re2 39. Kg3 {[%emt 0:00:04]} ({Don't do} 39. a7 Rxg2+ 40. Kh1 Be4 $18) 39... Rxg2+ {[%emt 0:00:04]} 40. Kf4 {[%emt 0:00:15]} Re2 {[%emt 0:00:05]} 41. a7 {[%emt 0:00:07]} Re8 {[%emt 0:00:01] Prevents a8Q} 42. Ra5 {[%emt 0:00:15] White is clearly winning.} Ra8 {[%emt 0:00:48]} 43. Bd4 {[%emt 0:00:05]} c5 {[%emt 0:00:12]} 44. Rxc5 {[%emt 0:00:03]} c6 {[%emt 0:00:07] [#]} 45. Rxd5 $1 {[%emt 0:00:33][%mdl 512]} cxd5 {[%emt 0:00:02]} 46. b4 {Weighted Error Value: White=0.13 (very precise) /Black=0.39} 1-0

[Event "1st China Chess King Competition 2024"]
[Site "Chengdu"]
[Date "2024.01.07"]
[Round "4.1"]
[White "Ding, Liren"]
[Black "Wei, Yi"]
[Result "0-1"]
[WhiteElo "2780"]
[BlackElo "2740"]
[Annotator "TA"]
[PlyCount "96"]
[EventDate "2024.01.07"]
[EventType "k.o."]
[EventCountry "CHN"]
[SourceTitle "playchess.com"]
[Source "ChessBase"]
[SourceQuality "1"]

{[%evp 9,96,2,20,1,22,0,30,0,11,9,10,11,70,20,50,28,27,20,42,28,43,25,56,45,58,58,76,34,31,37,47,66,72,55,58,56,56,65,79,72,160,140,177,166,158,162,210,75,99,72,294,298,310,297,289,272,470,463,434,380,332,265,354,319,311,319,278,288,477,261,263,0,0,-69,0,-188,-188,-209,-209,-5073,-2393,-2148,-1770,-1309,-1223,-1058,-1058,-29982,-29983]} 1. c4 c5 {[%emt 0:00:01]} 2. g3 {[%emt 0:00:03]} g6 {[%emt 0:00:01]} 3. Bg2 Bg7 {[%emt 0:00:01]} 4. Nc3 Nc6 {[%emt 0:00:02]} 5. d3 Nf6 {[%emt 0:00:02]} 6. Bf4 {[%emt 0:00:12] A36: Symmetrical English vs ...g6: 4 Bg2 Bg7.} d6 {[%emt 0:00:11]} 7. Qc1 {[%emt 0:00:02] [#]} Be6 $146 {[%emt 0:00:32]} ({Predecessor:} 7... h6 8. Rb1 Qd7 9. Nd5 Nxd5 10. cxd5 Ne5 11. Nf3 Nxf3+ 12. Bxf3 Qa4 13. O-O Bh3 {½-½ Eljanov,P (2727)-Hansen,E (2566) Reykjavik op 2015 (9)}) 8. Nf3 {[%emt 0:00:07] White has an edge.} (8. Bh6 $5 {[%cal Rh6g7]} O-O 9. Nf3 $11) 8... O-O {[%emt 0:00:04]} 9. Bh6 {[%emt 0:00:01]} a6 {[%emt 0:00:11]} 10. h4 {[%emt 0:00:02][%cal Oh4h5]} Bg4 {[%emt 0:00:04]} ({Better is} 10... Nh5 $11) 11. Nh2 {[%emt 0:00:16]} ({White should play} 11. h5 $14) 11... Bd7 {[%emt 0:00:08] [#]} 12. h5 $1 {[%emt 0:00:06][%mdl 64] Deflection} Nxh5 {[%emt 0:00:16]} (12... gxh5 13. Qg5 Ne8 14. Qxh5 $16) 13. g4 {[%emt 0:00:35]} Nf6 {[%emt 0:00:05]} 14. Nf1 $1 Bh8 {[%emt 0:00:31][%cal Of6g4]} 15. g5 {[%emt 0:00:11][%cal Oh6f8]} Ng4 {[%emt 0:00:12]} 16. Bxf8 {[%emt 0:00:05]} Qxf8 {[%emt 0:00:01]} 17. f3 {[%emt 0:00:18]} Nge5 {[%emt 0:00:01]} 18. f4 (18. Qf4 {with more complications.} b5 19. Ne3 Nd4 20. Qh2) 18... Ng4 19. Ne3 {[%emt 0:00:08]} Nd4 {[%emt 0:00:09] aiming for ...Nxe3.} 20. Nxg4 {[%emt 0:00:05]} (20. Bxb7 $2 Nxe3 21. Kd2 Rb8 22. Kxe3 Rxb7 $19) 20... Bxg4 {[%emt 0:00:02]} 21. e3 $36 {[%emt 0:00:06][%mdl 2048] Black is under pressure.} (21. Rh4 $5 {[%cal Rh4g4]} Bh5 22. Bxb7 $14) 21... Nf5 {[%emt 0:00:24]} 22. Bh3 {[%emt 0:00:11]} Bxh3 {[%emt 0:00:11]} 23. Rxh3 {[%emt 0:00:01]} b5 {[%emt 0:00:01]} 24. Qd2 {[%emt 0:00:02]} h5 {[%emt 0:00:06]} (24... Bxc3 $142 25. Qxc3 b4) 25. gxh6 $16 {[%emt 0:00:01]} (25. cxb5 Bxc3 26. bxc3 axb5 $11) 25... Kh7 {[%emt 0:00:02]} 26. Ne4 {Ng5+ is the strong threat.} (26. cxb5 $6 axb5 27. Ne4 (27. Nxb5 Qc8 $16) 27... Bf6 $14) 26... Bf6 {[%emt 0:00:11]} 27. O-O-O {[%emt 0:00:02]} Qh8 {[%emt 0:00:06]} (27... Rb8 $142 28. cxb5 axb5) 28. Nxf6+ {[%emt 0:00:02]} (28. Ng5+ $18 {is more deadly.} Bxg5 29. fxg5) 28... Qxf6 {[%emt 0:00:01]} 29. Qc3 {[%emt 0:00:05]} Qxc3+ $2 {[%emt 0:00:02]} (29... Qe6 $16 {keeps fighting.}) 30. bxc3 {[%mdl 4096] Endgame And now e4 would win. KRR-KRN} e6 {[%emt 0:00:05]} 31. Kc2 {[%emt 0:00:01]} Ne7 {[%emt 0:00:14]} 32. e4 {[%emt 0:00:02]} f5 $2 {[%emt 0:00:06]} (32... Ng8 33. f5 exf5 34. exf5 gxf5) 33. Re1 $18 Re8 {[%emt 0:00:03]} 34. Rhe3 {[%emt 0:00:06]} e5 {[%emt 0:00:03]} 35. fxe5 {[%emt 0:00:02]} f4 {[%emt 0:00:01]} 36. Rh3 {[%emt 0:00:22]} dxe5 {[%emt 0:00:01]} 37. cxb5 {[%emt 0:00:01]} axb5 {[%emt 0:00:01]} 38. Rb1 g5 $2 {[%emt 0:00:07]} (38... Rb8 39. a4 b4 40. cxb4 cxb4) 39. Rxb5 {[%emt 0:00:01]} (39. Rh5 $142) 39... g4 40. Rh1 {[%emt 0:00:07]} (40. Rh4 $18 g3 41. Kd2 (41. Rxc5 $2 g2 $19)) 40... g3 {[%emt 0:00:02]} 41. Kd2 (41. Rxc5 $2 g2 42. Rg1 f3 $19) (41. Rh3 $11) 41... f3 $1 $15 {[%emt 0:00:05][%cal Bf4f3,Bf3f2][%mdl 32] White must now prevent ...f2.} 42. Ke3 {[#]} (42. Rxc5 $2 {perishes.} g2 43. Rd1 f2 44. Rxe5 g1=Q $19) (42. Rhb1 $1 $11 {and White has nothing to worry.} Rf8 43. Rb7 (43. Rxc5 f2 $17)) 42... Rf8 $1 $19 {[%emt 0:00:04]} 43. Rb7 {[#]} (43. Rxc5 g2 44. Rc1 f2 45. Rxe5 g1=Q $19) 43... g2 $1 {[%emt 0:00:01]} 44. Rxe7+ $2 {[%emt 0:00:02]} (44. Rbb1 gxh1=N 45. Rxh1) 44... Kh8 45. Rb1 {[%emt 0:00:11]} f2 46. Rbb7 g1=Q {[%emt 0:00:05][%cal Rg1e1]} 47. Rh7+ Kg8 {[%cal Rg1e1]} 48. Rbg7+ Qxg7 {[%emt 0:00:02][%mdl 64] Promotion. An entertaining game by Wei.   Weighted Error Value: White=0.46/Black=0.28 (precise)} 0-1